[Event "56th World U20 ch"]
[Site "Tarvisio ITA"]
[Date "2017.11.17"]
[Round "5.4"]
[White "Xu Xiangyu"]
[Black "Karthikeyan, Murali"]
[Result "1-0"]
[WhiteElo "2543"]
[BlackElo "2578"]
[EventDate "2017.11.13"]
[PlyCount "73"]

1.Nf3 Nf6 2.g3 g6 3.b3 Bg7 4.Bb2 O-O 5.Bg2 c5 6.c4 Nc6 7.O-O d6 8.d4 cxd4 
9.Nxd4 Bd7 10.Qd2 Rc8 11.Rd1 a6 12.Na3 Nxd4 13.Qxd4 Bc6 14.Bh3 Bd7 15.Bg2 
Bc6 16.Bh3 Rb8 17.b4 b6 18.Bc3 a5 19.bxa5 bxa5 20.Qa7 Ne4 21.Bxg7 Kxg7 22.
Rab1 Rxb1 23.Rxb1 Qa8 24.Qe3 e5 25.Rd1 Rd8 26.Nb5 Qb8 27.Bg2 d5 28.cxd5 
Rxd5 29.Rxd5 Bxd5 30.a4 Nf6 31.Bxd5 Nxd5 32.Qc5 Nb6 33.Nd6 Nxa4 34.Qd5 Nc3
35.Qxf7+ Kh6 36.Qf6 Nxe2+ 37.Kg2 1-0

[Event "56th World U20 ch"]
[Site "Tarvisio ITA"]
[Date "2017.11.17"]
[Round "5.6"]
[White "Narayanan, Sunilduth Lyna"]
[Black "Praggnanandhaa, R."]
[Result "0-1"]
[WhiteElo "2585"]
[BlackElo "2509"]
[EventDate "2017.11.13"]
[PlyCount "104"]

1.e4 e5 2.Nf3 Nc6 3.Bb5 a6 4.Ba4 Nf6 5.O-O b5 6.Bb3 Bb7 7.Re1 Bc5 8.c3 d6 
9.d4 Bb6 10.a4 O-O 11.Bg5 h6 12.Bh4 g5 13.Nxg5 hxg5 14.Bxg5 exd4 15.cxd4 
Nxd4 16.Bd5 Ne6 17.Bh4 c6 18.Ra3 cxd5 19.Rg3+ Ng7 20.e5 Bxf2+ 21.Kxf2 Qb6+
22.Kf1 dxe5 23.Qf3 Ne4 24.Rxe4 dxe4 25.Qf6 Qxf6+ 26.Bxf6 Rfc8 27.Rxg7+ Kf8
28.Rh7 Ke8 29.Ke2 Rc6 30.Bxe5 Rd8 31.Nc3 b4 32.Nxe4 Rc2+ 33.Ke3 Bxe4 34.
Kxe4 Re2+ 35.Kf4 Rxg2 36.Rh8+ Kd7 37.Rh6 Rg6 38.Rh3 Rdg8 39.Rd3+ Ke6 40.h3
f6 41.Bc7 Rc8 42.Bb6 Rc6 43.a5 Rc4+ 44.Kf3 Rg8 45.Rd2 Rh4 46.Rh2 Kf5 47.
Bc7 Rc4 48.Bb6 b3 49.Rh1 Rf4+ 50.Ke3 Rg3+ 51.Kd2 Rff3 52.h4 Rh3 0-1

[Event "56th World U20 ch"]
[Site "Tarvisio ITA"]
[Date "2017.11.17"]
[Round "5.7"]
[White "Aravindh, Chithambaram"]
[Black "Basso, Pierluigi"]
[Result "1-0"]
[WhiteElo "2572"]
[BlackElo "2470"]
[EventDate "2017.11.13"]
[PlyCount "119"]

1.c4 e6 2.Nc3 d5 3.d4 Be7 4.Nf3 Nf6 5.cxd5 exd5 6.Bg5 c6 7.Qc2 g6 8.e3 Bf5
9.Bd3 Bxd3 10.Qxd3 Nbd7 11.O-O O-O 12.Nd2 Re8 13.h3 Nh5 14.Bxe7 Qxe7 15.b4
a6 16.a4 Nhf6 17.Rab1 Rac8 18.Qc2 h5 19.Ne2 Ne4 20.Nxe4 Qxe4 21.Qxe4 Rxe4 
22.Nc3 Ree8 23.b5 axb5 24.axb5 Kf8 25.bxc6 bxc6 26.Rb7 Ke7 27.g4 hxg4 28.
hxg4 Rb8 29.Ra7 Ra8 30.Rfa1 Rxa7 31.Rxa7 Kd6 32.Kg2 Re7 33.Ra6 Kc7 34.Ra8 
Kb7 35.Rh8 Nf6 36.Kf3 Kc7 37.Kf4 Re8 38.Rh1 Kd6 39.Kg5 Ne4+ 40.Nxe4+ Rxe4 
41.Rc1 Kd7 42.Rc2 Kd6 43.Rc3 Kd7 44.Rc1 Kd6 45.Rc2 Kd7 46.Rc3 Kd6 47.Ra3 
Ke7 48.Ra7+ $11 Kf8 49.Rc7 Re6 50.Kh6 Rf6 51.f4 Re6 52.Rc8+ Ke7 53.Kg7 
Rxe3 54.Rc7+ Kd6 55.Rxf7 g5 56.Rf6+ Ke7 57.f5 Re4 58.Rxc6 Rxg4 59.f6+ Kd7 
60.Ra6 1-0

[Event "56th World U20 ch"]
[Site "Tarvisio ITA"]
[Date "2017.11.17"]
[Round "5.8"]
[White "Donchenko, Alexander"]
[Black "Livaic, Leon"]
[Result "1/2-1/2"]
[WhiteElo "2567"]
[BlackElo "2470"]
[EventDate "2017.11.13"]
[PlyCount "136"]

1.d4 Nf6 2.c4 e6 3.g3 d5 4.Bg2 Bb4+ 5.Nd2 O-O 6.Nf3 c5 7.a3 Bxd2+ 8.Qxd2 
cxd4 9.cxd5 Qxd5 10.Qxd4 b6 11.Qxd5 Nxd5 12.b4 Bb7 13.Bb2 Rc8 14.Nd4 Nd7 
15.O-O a5 16.Rac1 axb4 17.axb4 h6 18.Rxc8+ Rxc8 19.Ra1 Ra8 20.Rxa8+ Bxa8 
21.Kf1 Kf8 22.Ke1 Nc7 23.Bxa8 Nxa8 24.Nb5 f6 25.g4 Ke7 26.Kd2 Nb8 27.Kd3 
Nc6 28.Kc4 Kd7 29.h4 Nc7 30.Nxc7 Kxc7 31.h5 e5 32.b5 Nd8 33.Bc1 Nb7 34.Kd5
Kd7 35.Ba3 Nd8 36.e3 Ne6 37.Bd6 e4 38.Bf4 Nc5 39.Bg3 Na4 40.Kxe4 Nc3+ 41.
Kf5 Ke7 42.Kg6 Kf8 43.Bc7 Nxb5 44.Bxb6 Nc3 45.f3 Nd5 46.Bc5+ Kg8 47.e4 Nc7
48.Be7 Ne6 49.Bxf6 gxf6 50.Kxf6 Ng5 51.Kg6 Nxf3 52.Kxh6 Ne5 53.Kg5 Kf7 54.
Kf5 Nf3 55.g5 Nd4+ 56.Ke5 Nf3+ 57.Kf4 Nd4 58.g6+ Kf6 59.Kg3 Ne6 60.Kg4 Nd4
61.e5+ Kg7 62.Kf4 Ne6+ 63.Ke4 Kh6 64.Kf5 Ng7+ 65.Kf6 Nxh5+ 66.Kf7 Ng7 67.
e6 Nxe6 68.Kxe6 Kxg6 1/2-1/2

[Event "56th World U20 ch"]
[Site "Tarvisio ITA"]
[Date "2017.11.17"]
[Round "5.9"]
[White "Zanan, Evgeny"]
[Black "Boruchovsky, Avital"]
[Result "1-0"]
[WhiteElo "2471"]
[BlackElo "2565"]
[EventDate "2017.11.13"]
[PlyCount "105"]

1.e4 e5 2.Nf3 Nc6 3.Bb5 a6 4.Ba4 Nf6 5.O-O b5 6.Bb3 Bb7 7.d3 Be7 8.Nc3 O-O
9.a4 Na5 10.Bd5 c6 11.Ba2 Qc7 12.Nh4 b4 13.Nf5 d5 14.Ne2 Bc8 15.Neg3 dxe4 
16.dxe4 Bd8 17.Qf3 Be6 18.Bg5 Ne8 19.Bd2 Rb8 20.Qg4 Kh8 21.Be3 c5 22.Qe2 
c4 23.f4 b3 24.cxb3 cxb3 25.Bb1 Nc4 26.Bc1 Qc5+ 27.Kh1 Bf6 28.Bd3 Rd8 29.
Nxg7 Nxg7 30.f5 Qd4 31.Rf3 Nxf5 32.Nxf5 Bxf5 33.Bxc4 Bg4 34.Be3 Qd7 35.
Bxb3 Bg7 36.Bc5 Rfe8 37.h3 Bxf3 38.Qxf3 f5 39.Bd5 Qc7 40.Rc1 Bh6 41.Rc3 
fxe4 42.Bxe4 Qg7 43.b4 Re6 44.Rd3 Rxd3 45.Qxd3 Qg5 46.b5 axb5 47.axb5 Qc1+
48.Bg1 Bg5 49.Qd7 Re7 50.Qf5 Kg8 51.b6 Be3 52.Bd5+ Kg7 53.Qg4+ 1-0

[Event "56th World U20 ch"]
[Site "Tarvisio ITA"]
[Date "2017.11.17"]
[Round "5.10"]
[White "Bai Jinshi"]
[Black "Dragnev, Valentin"]
[Result "0-1"]
[WhiteElo "2553"]
[BlackElo "2461"]
[EventDate "2017.11.13"]
[PlyCount "84"]

1.d4 d5 2.c4 e6 3.Nf3 Nf6 4.Bg5 Be7 5.e3 Nbd7 6.Nc3 h6 7.Bxf6 Nxf6 8.Rc1 
O-O 9.Bd3 dxc4 10.Bxc4 c5 11.O-O a6 12.Ne5 cxd4 13.exd4 b5 14.Bb3 Bb7 15.
Re1 Re8 16.a4 b4 17.Ne2 Bd6 18.Nf4 Qe7 19.Qe2 Rac8 20.Rcd1 Nd7 21.Ba2 Bb8 
22.Bb1 Nxe5 23.dxe5 Red8 24.g3 Qc5 25.Rxd8+ Rxd8 26.Bd3 Rd4 27.Qe3 Qc6 28.
f3 Ba7 29.Kg2 g5 30.Nh5 Qxf3+ 31.Qxf3 Bxf3+ 32.Kxf3 Rxd3+ 33.Ke4 Rd2 34.
Rc1 Re2+ 35.Kf3 Rxe5 36.Rc6 a5 37.Rc8+ Kh7 38.Rc7 Re3+ 39.Kf2 Bd4 40.Rxf7+
Kg6 41.Rd7 Bc5 42.Rc7 Re5+ 0-1

[Event "56th World U20 ch"]
[Site "Tarvisio ITA"]
[Date "2017.11.17"]
[Round "5.11"]
[White "Christiansen, Johan-Sebastian"]
[Black "Shevchenko, Kirill"]
[Result "1/2-1/2"]
[WhiteElo "2468"]
[BlackElo "2550"]
[EventDate "2017.11.13"]
[PlyCount "82"]

1.e4 c5 2.Nf3 d6 3.Nc3 Nf6 4.e5 dxe5 5.Nxe5 Nbd7 6.d4 e6 7.Bb5 a6 8.Bxd7+ 
Nxd7 9.Qh5 Nxe5 10.dxe5 Qc7 11.Bf4 b5 12.Ne4 Bb7 13.Nd6+ Bxd6 14.exd6 Qd7 
15.O-O-O O-O 16.Rhe1 f6 17.Qg4 Rae8 18.h4 Be4 19.Be3 Bf5 20.Qe2 e5 21.Bxc5
Rc8 22.b4 a5 23.a3 Be6 24.Kb2 Bc4 25.Qe3 axb4 26.axb4 Ra8 27.Ra1 Qc6 28.f3
Rxa1 29.Rxa1 Ra8 30.Ra5 Kf7 31.Qa3 Rd8 32.Ra6 Qe8 33.Ra7+ Rd7 34.Ra8 Qe6 
35.Qa6 e4 36.Qc8 exf3 37.gxf3 Qe5+ 38.Kb1 Qe1+ 39.Kb2 Qe5+ 40.Kb1 Qe1+ 41.
Kb2 Qe5+ 1/2-1/2

[Event "56th World U20 ch"]
[Site "Tarvisio ITA"]
[Date "2017.11.17"]
[Round "5.12"]
[White "Lomasov, Semen"]
[Black "Kobo, Ori"]
[Result "1-0"]
[WhiteElo "2490"]
[BlackElo "2460"]
[EventDate "2017.11.13"]
[PlyCount "141"]

1.e4 e6 2.d4 d5 3.Nc3 Nf6 4.e5 Nfd7 5.f4 c5 6.Nf3 Nc6 7.Be3 a6 8.Qd2 b5 9.
Bd3 Qb6 10.dxc5 Bxc5 11.Bg1 Bxg1 12.Rxg1 Nc5 13.O-O-O b4 14.Ne2 a5 15.Ned4
Nxd4 16.Nxd4 Bd7 17.Kb1 a4 18.Qe3 O-O 19.Qh3 Nxd3 20.Qxd3 f6 21.Qe3 b3 22.
cxb3 axb3 23.a3 Be8 24.g4 Kh8 25.h4 Ra6 26.h5 fxe5 27.fxe5 Ra4 28.Rgf1 Rg8
29.Rf3 Rc4 30.Qf2 Qc7 31.Re1 Qb6 32.Rd1 Qc7 33.Qh2 Qe7 34.Nxb3 Rxg4 35.Nd4
Ba4 36.Rd2 Qc5 37.Qf2 Bd7 38.h6 Be8 39.hxg7+ R4xg7 40.Rc3 Qe7 41.Ka2 Rf8 
42.Qe3 Bg6 43.Rd1 Be4 44.Rdc1 Re8 45.Rc8 Rxc8 46.Rxc8+ Rg8 47.Rc6 Qh4 48.
Qc3 Qh1 49.Rc8 Qb1+ 50.Kb3 Qd1+ 51.Kb4 Qg1 52.a4 Qg7 53.Rxg8+ Qxg8 54.a5 
Qb8+ 55.Nb5 d4 56.Qxd4 Bd5 57.a6 h5 58.a7 Qb7 59.Ka5 Kg7 60.Qb6 h4 61.Nc7 
h3 62.Nxe6+ Kh6 63.Nf4+ Qxb6+ 64.Kxb6 h2 65.Nxd5 h1=Q 66.a8=Q Qg1+ 67.Kc6 
Qg6+ 68.Kc5 Qg1+ 69.Kd6 Qg6+ 70.e6 Qg3+ 71.Kc6 1-0

[Event "56th World U20 ch"]
[Site "Tarvisio ITA"]
[Date "2017.11.17"]
[Round "5.13"]
[White "Gagare, Shardul"]
[Black "Harsha, Bharathakoti"]
[Result "1/2-1/2"]
[WhiteElo "2482"]
[BlackElo "2445"]
[EventDate "2017.11.13"]
[PlyCount "80"]

1.d4 Nf6 2.Bf4 c5 3.e3 Qb6 4.Nc3 d6 5.Qd2 Nbd7 6.Nf3 g6 7.Bc4 Bg7 8.O-O 
O-O 9.a4 Qc7 10.Ba2 a6 11.Rfe1 b6 12.Bg5 h6 13.Bh4 g5 14.Bg3 Nh5 15.Qd3 
Nxg3 16.hxg3 Bb7 17.Nd5 Qd8 18.c4 e6 19.Nc3 Bxf3 20.gxf3 Qf6 21.Bb1 Rfd8 
22.Qd1 cxd4 23.Ne4 Qe5 24.f4 gxf4 25.gxf4 Qa5 26.exd4 d5 27.Ng3 dxc4 28.
Be4 Ra7 29.f5 Nf6 30.fxe6 fxe6 31.Bf3 Re7 32.Ra3 Rxd4 33.Qxd4 Qxe1+ 34.Kg2
Qb4 35.a5 bxa5 36.Qd8+ Re8 37.Qc7 Qxb2 38.Rxa5 c3 39.Rxa6 Qb8 40.Qxc3 Ne4 
1/2-1/2

[Event "56th World U20 ch"]
[Site "Tarvisio ITA"]
[Date "2017.11.17"]
[Round "5.14"]
[White "Lobanov, Sergei"]
[Black "Li Di"]
[Result "0-1"]
[WhiteElo "2435"]
[BlackElo "2479"]
[EventDate "2017.11.13"]
[PlyCount "72"]

1.e4 e5 2.Nf3 Nf6 3.d4 Nxe4 4.Bd3 d5 5.dxe5 Nc5 6.Be2 Be7 7.Be3 O-O 8.O-O 
c6 9.c4 dxc4 10.Qc2 Be6 11.Bxc4 Nba6 12.Bxe6 Nxe6 13.Nc3 Qc7 14.a3 Nac5 
15.b4 Nd7 16.Qe4 Rfd8 17.Rfc1 Nb6 18.a4 Qd7 19.b5 Nd5 20.Nxd5 cxd5 21.Qg4 
d4 22.Rd1 Bc5 23.Qe4 dxe3 24.Rxd7 exf2+ 25.Kf1 Rxd7 26.g3 Rad8 27.Qe2 b6 
28.Kg2 h6 29.Qc2 Rd3 30.Qe2 g6 31.Rf1 Ng7 32.Kh3 Ne6 33.Kg2 Be3 34.Ra1 Rc3
35.Rf1 Rd5 36.h4 Rdd3 0-1

[Event "56th World U20 ch"]
[Site "Tarvisio ITA"]
[Date "2017.11.17"]
[Round "5.15"]
[White "Van Foreest, Jorden"]
[Black "Liu Yan"]
[Result "0-1"]
[WhiteElo "2616"]
[BlackElo "2422"]
[EventDate "2017.11.13"]
[PlyCount "82"]

1.e4 c5 2.Nf3 d6 3.d4 cxd4 4.Nxd4 Nf6 5.Nc3 a6 6.Be2 e5 7.Nf3 Qc7 8.Nd2 b5
9.a4 b4 10.Nd5 Nxd5 11.exd5 a5 12.Bb5+ Bd7 13.Qg4 Qb7 14.Nc4 Qxb5 15.Nxd6+
Bxd6 16.Qxg7 Qxd5 17.Qxh8+ Bf8 18.Bh6 Qc5 19.O-O-O Bf5 20.Qxf8+ Qxf8 21.
Bxf8 Kxf8 22.Rd8+ Ke7 23.Rhd1 Be4 24.f3 Bc6 25.b3 Na6 26.R1d7+ Bxd7 27.
Rxa8 Nc7 28.Rxa5 Kd6 29.Kd2 f6 30.c3 bxc3+ 31.Kxc3 Be6 32.b4 Nd5+ 33.Kc4 
Ne3+ 34.Kd3 Nxg2 35.Ra6+ Kd5 36.b5 f5 37.Kd2 e4 38.Rc6 e3+ 39.Kd3 f4 40.a5
Bd7 41.Rb6 Kc5 0-1

[Event "56th World U20 ch"]
[Site "Tarvisio ITA"]
[Date "2017.11.17"]
[Round "5.16"]
[White "Bersamina, Paulo"]
[Black "Pichot, Alan"]
[Result "1-0"]
[WhiteElo "2404"]
[BlackElo "2568"]
[EventDate "2017.11.13"]
[PlyCount "67"]

1.Nf3 Nf6 2.c4 e6 3.g3 d5 4.Bg2 d4 5.O-O Be7 6.d3 O-O 7.e4 Nc6 8.e5 Nd7 9.
Qe2 Nc5 10.Nbd2 Nb4 11.Ne1 a5 12.Ne4 Rb8 13.Nxc5 Bxc5 14.Nf3 Be7 15.Nd2 b5
16.a3 Na6 17.cxb5 Rxb5 18.a4 Rc5 19.Nb3 Rd5 20.Bd2 Nb4 21.Bxb4 Bxb4 22.f4 
Ba6 23.Rfc1 Qd7 24.Rc2 Rb8 25.Rac1 Bc3 26.Na1 Rc5 27.bxc3 Rxc3 28.Qd2 Rxc2
29.Qxc2 h6 30.Be4 g6 31.Qxc7 Qxc7 32.Rxc7 Rb1+ 33.Kf2 Rxa1 34.Ra7 1-0

[Event "56th World U20 ch"]
[Site "Tarvisio ITA"]
[Date "2017.11.17"]
[Round "5.17"]
[White "Tin Jingyao"]
[Black "Petrosian, Manuel"]
[Result "0-1"]
[WhiteElo "2404"]
[BlackElo "2554"]
[EventDate "2017.11.13"]
[PlyCount "80"]

1.d4 Nf6 2.c4 e6 3.Nc3 Bb4 4.f3 c5 5.d5 d6 6.e4 O-O 7.Bd2 exd5 8.cxd5 Nh5 
9.Nge2 f5 10.Qc2 fxe4 11.Nxe4 Bf5 12.O-O-O Bxd2+ 13.Rxd2 Bg6 14.N2g3 Nxg3 
15.hxg3 Nd7 16.Kb1 Rc8 17.Bb5 Ne5 18.Re1 c4 19.Qc3 Nd3 20.Rxd3 cxd3 21.
Qxd3 a6 22.Bc4 Qa5 23.Rh1 Qb4 24.Bb3 Rfe8 25.a3 Bxe4 26.fxe4 Qxe4 27.Qxe4 
Rxe4 28.Bc2 Re5 29.Bxh7+ Kf7 30.Bc2 Ke7 31.Bb3 Rf8 32.Rh4 Re1+ 33.Ka2 Rff1
34.Bc2 Rf2 35.Bb1 a5 36.Rg4 Kf7 37.Rc4 Kf6 38.Rc3 a4 39.Rf3+ Rxf3 40.gxf3 
Ke5 0-1

[Event "56th World U20 ch"]
[Site "Tarvisio ITA"]
[Date "2017.11.17"]
[Round "5.18"]
[White "Rakotomaharo, Fy Antenaina"]
[Black "Tran Tuan Minh"]
[Result "0-1"]
[WhiteElo "2414"]
[BlackElo "2538"]
[EventDate "2017.11.13"]
[PlyCount "75"]

1.e4 c5 2.Nf3 d6 3.d4 cxd4 4.Nxd4 Nf6 5.Nc3 a6 6.Be2 e5 7.Nb3 Be7 8.Bg5 
Nbd7 9.a4 h6 10.Be3 Qc7 11.Nd2 Nc5 12.O-O O-O 13.Nc4 Be6 14.Nd5 Nxd5 15.
exd5 Bf5 16.a5 Bg5 17.Ra3 Bxe3 18.Nxe3 Bh7 19.b4 Nd7 20.c4 Qd8 21.f4 exf4 
22.Rxf4 Qe7 23.Rf1 Rae8 24.Rc3 f5 25.Nc2 g5 26.Rcf3 Ne5 27.R3f2 Qf6 28.Nd4
Ng4 29.Rf3 Re4 30.Rd3 Ne5 31.Ne6 Nxd3 32.Qxd3 Rxe2 33.Qxe2 Re8 34.c5 dxc5 
35.bxc5 f4 36.Qc4 Bf5 37.c6 bxc6 38.Qxc6 {...} 0-1

[Event "56th World U20 ch"]
[Site "Tarvisio ITA"]
[Date "2017.11.17"]
[Round "5.19"]
[White "Sidhant, Mohapatra"]
[Black "Kantor, Gergely"]
[Result "1/2-1/2"]
[WhiteElo "2371"]
[BlackElo "2514"]
[EventDate "2017.11.13"]
[PlyCount "109"]

1.Nf3 d5 2.g3 Nf6 3.Bg2 e6 4.O-O Be7 5.c4 O-O 6.b3 d4 7.d3 c5 8.e3 Nc6 9.
exd4 cxd4 10.Re1 Nd7 11.Na3 e5 12.Nc2 a5 13.a3 Rb8 14.b4 axb4 15.axb4 b5 
16.cxb5 Rxb5 17.Na3 Rxb4 18.Qc2 Bb7 19.Bd2 Rb6 20.Nc4 Rb5 21.Rab1 Rxb1 22.
Qxb1 Ba6 23.Nfxe5 Ndxe5 24.Nxe5 Nxe5 25.Rxe5 Bf6 26.Ra5 Qc8 27.Be4 Qe6 28.
Bf5 Qc6 29.Be4 Qe6 30.Bd5 Qe2 31.Rxa6 Qxd2 32.Ra7 Qg5 33.Qb7 h5 34.Bxf7+ 
Kh8 35.Ra8 Bd8 36.h4 Qf6 37.Qd5 g6 38.f4 Be7 39.Rxf8+ Bxf8 40.Be8 Kg7 41.
Bb5 Qd6 42.Qe4 Kh6 43.Be8 Bg7 44.Kg2 Qf6 45.Bd7 Qf7 46.Be6 Qe7 47.Qd5 Qf6 
48.Bg8 Qf5 49.Qf3 Qg4 50.Qe4 Qf5 51.Qe2 Qc8 52.Be6 Qc6+ 53.Kh2 Bf6 54.f5 
Qc1 55.fxg6 $11 1/2-1/2

[Event "56th World U20 ch"]
[Site "Tarvisio ITA"]
[Date "2017.11.17"]
[Round "5.20"]
[White "Bellahcene, Bilel"]
[Black "Nikolovski, Nikola"]
[Result "1-0"]
[WhiteElo "2510"]
[BlackElo "2412"]
[EventDate "2017.11.13"]
[PlyCount "55"]

1.e4 c5 2.Nf3 d6 3.d4 cxd4 4.Nxd4 Nf6 5.Nc3 a6 6.Bg5 Nbd7 7.Bc4 g6 8.Qd2 
b5 9.Bd5 Nxd5 10.Nxd5 Bb7 11.O-O-O h6 12.Bh4 Nc5 13.f3 g5 14.Bg3 e6 15.Ne3
Qb6 16.h4 Rg8 17.hxg5 hxg5 18.Rh7 Bg7 19.Ndf5 exf5 20.Nxf5 Bf8 21.Qc3 Rg6 
22.Rh8 Kd7 23.Rxf8 Rxf8 24.Bxd6 Rxd6 25.Rxd6+ Qxd6 26.Nxd6 Ke6 27.Qd4 Bc6 
28.Qxc5 1-0

[Event "56th World U20 ch"]
[Site "Tarvisio ITA"]
[Date "2017.11.17"]
[Round "5.21"]
[White "Triapishko, Alexander"]
[Black "Begmuratov, Alisher"]
[Result "1/2-1/2"]
[WhiteElo "2508"]
[BlackElo "2401"]
[EventDate "2017.11.13"]
[PlyCount "73"]

1.d4 Nf6 2.Nc3 d5 3.Bf4 e6 4.Nb5 Na6 5.e3 c6 6.Nc3 Bb4 7.Ne2 O-O 8.a3 Bd6 
9.Bxd6 Qxd6 10.Ng3 Nc7 11.f4 c5 12.Be2 b6 13.O-O Ba6 14.Bxa6 Nxa6 15.Nh5 
Nxh5 16.Qxh5 f5 17.g4 fxg4 18.Qxg4 Rf6 19.Kh1 Raf8 20.Rg1 R8f7 21.Rg2 Nc7 
22.Ne2 cxd4 23.exd4 Rg6 24.Qf3 Rxg2 25.Kxg2 Ne8 26.Rf1 Qc7 27.c3 Nd6 28.
Ng3 Rf6 29.Rf2 Qf7 30.Kg1 Kh8 31.Qe2 h6 32.Qe5 Nc4 33.Qh5 Qf8 34.Qg4 Qf7 
35.Qh5 Qf8 36.Qg4 Qf7 37.Qh5 1/2-1/2

[Event "56th World U20 ch"]
[Site "Tarvisio ITA"]
[Date "2017.11.17"]
[Round "5.22"]
[White "Bakhmatsky, Vladislav"]
[Black "Moroni, Luca jr"]
[Result "1/2-1/2"]
[WhiteElo "2404"]
[BlackElo "2506"]
[EventDate "2017.11.13"]
[PlyCount "95"]

1.e4 e5 2.Nf3 Nc6 3.Bb5 a6 4.Ba4 d6 5.c3 Bd7 6.O-O g6 7.d4 Bg7 8.d5 Nce7 
9.Bxd7+ Qxd7 10.c4 h6 11.Nc3 f5 12.Nd2 Nf6 13.f3 O-O 14.b4 f4 15.c5 g5 16.
Nc4 b5 17.Na5 g4 18.a4 gxf3 19.c6 Qc8 20.Rxf3 bxa4 21.Rxa4 Ng6 22.Rh3 Nh7 
23.Qh5 Nh8 24.Nb7 Nf7 25.Ra2 Nfg5 26.Rd3 Nf6 27.Qe2 h5 28.h4 Nf7 29.Rh3 
Nd8 30.Nxd8 Rxd8 31.Nd1 Kh8 32.Rha3 Rb8 33.Bd2 Rg8 34.Rxa6 Ng4 35.R6a3 Bf6
36.Be1 Qd8 37.Rh3 Ra8 38.Qb2 Qe7 39.b5 Qh7 40.Rxa8 Rxa8 41.Qc2 Rg8 42.Rb3 
Bd8 43.Qe2 Qg6 44.Qf3 Nf6 45.Rb4 Kh7 46.Rc4 Rg7 47.Ra4 Rg8 48.Rc4 1/2-1/2

[Event "56th World U20 ch"]
[Site "Tarvisio ITA"]
[Date "2017.11.17"]
[Round "5.23"]
[White "Gholami, Aryan"]
[Black "Wang Tongsen"]
[Result "1-0"]
[WhiteElo "2483"]
[BlackElo "2396"]
[EventDate "2017.11.13"]
[PlyCount "153"]

1.Nf3 Nf6 2.g3 d5 3.Bg2 c5 4.O-O Nc6 5.d4 e6 6.b3 cxd4 7.Nxd4 Bc5 8.Nxc6 
bxc6 9.Bb2 O-O 10.c4 Ba6 11.Qc2 Qe7 12.Nd2 Rac8 13.Rac1 Rfe8 14.Nf3 Nd7 
15.Rfd1 f6 16.e3 Nb6 17.Nd4 e5 18.Nf5 Qf8 19.Qd2 Bb4 20.Bc3 Ba3 21.Bb2 Bb4
22.Qe2 g6 23.Qg4 Kh8 24.Nh4 Rcd8 25.cxd5 Bc8 26.Qxg6 hxg6 27.Nxg6+ Kg7 28.
Nxf8 cxd5 29.Rc7+ Kxf8 30.Rxa7 Re7 31.Rxe7 Bxe7 32.f4 Bc5 33.Kf2 d4 34.
exd4 exd4 35.Rc1 Be7 36.Rd1 d3 37.Be4 Ba6 38.Kf3 Kf7 39.Bc3 Nc8 40.g4 Bc5 
41.g5 Be7 42.h4 Nd6 43.Bd5+ Kg6 44.h5+ Kxh5 45.gxf6 Bf8 46.Rh1+ Kg6 47.
Rg1+ Kh6 48.f5 Nxf5 49.Bd2+ Kh7 50.Be4 Bc8 51.Rg5 Rd6 52.Bxf5+ Bxf5 53.
Rxf5 Kg6 54.Ke4 Re6+ 55.Re5 Kxf6 56.Rxe6+ Kxe6 57.Kxd3 Kd5 58.Bc1 Bg7 59.
b4 Bf8 60.a3 Bg7 61.a4 Bf8 62.b5 Bb4 63.Bd2 Bd6 64.Ba5 Kc5 65.Kc3 Be5+ 66.
Kb3 Bd4 67.Bb4+ Kd5 68.a5 Be3 69.Ka4 Bf2 70.Bf8 Be3 71.Be7 Ke6 72.Bh4 Kd7 
73.Bg3 Bc5 74.Kb3 Be3 75.Kc4 Bd2 76.a6 Be3 77.Kd5 1-0

[Event "56th World U20 ch"]
[Site "Tarvisio ITA"]
[Date "2017.11.17"]
[Round "5.24"]
[White "Salomon, Johan"]
[Black "Nikitenko, Mikhail"]
[Result "1-0"]
[WhiteElo "2476"]
[BlackElo "2376"]
[EventDate "2017.11.13"]
[PlyCount "73"]

1.Nf3 Nf6 2.g3 g6 3.Bg2 Bg7 4.O-O O-O 5.d4 c6 6.c4 d6 7.Nc3 Qa5 8.e4 e5 9.
h3 Nbd7 10.Qe2 exd4 11.Nxd4 Re8 12.Rd1 Nc5 13.Qc2 Ne6 14.Nde2 Qc7 15.Be3 
b6 16.Rd2 Bb7 17.Rad1 Rad8 18.Kh2 h5 19.Kg1 Qe7 20.b4 Kh7 21.a3 Rd7 22.Qa4
Ba8 23.e5 dxe5 24.Rxd7 Nxd7 25.Qxa7 Nd4 26.Nxd4 exd4 27.Bxd4 Bxd4 28.Rxd4 
Qe1+ 29.Kh2 Ne5 30.Rf4 Kh6 31.Ne4 c5 32.Nd6 Nf3+ 33.Rxf3 Bxf3 34.Nxf7+ Kg7
35.Ne5+ Kh6 36.Nxf3 Qxf2 37.Qxb6 {... 44 moves} 1-0

[Event "56th World U20 ch"]
[Site "Tarvisio ITA"]
[Date "2017.11.17"]
[Round "5.25"]
[White "Haria, Ravi"]
[Black "Van Foreest, Lucas"]
[Result "0-1"]
[WhiteElo "2364"]
[BlackElo "2474"]
[EventDate "2017.11.13"]
[PlyCount "82"]

1.Nf3 c5 2.e4 e6 3.c3 Ne7 4.d4 cxd4 5.cxd4 d5 6.e5 Nbc6 7.Bd3 Nf5 8.Bxf5 
exf5 9.Nc3 Be6 10.O-O Be7 11.a3 O-O 12.b4 h6 13.Qd3 Qd7 14.h4 Rfc8 15.Ne2 
a6 16.Ng3 Na7 17.Nh5 Qc6 18.Bd2 Qc2 19.Qe3 Qe4 20.Rfc1 Nb5 21.a4 Qxe3 22.
fxe3 Rxc1+ 23.Rxc1 Na3 24.Nf4 Nc4 25.Nd3 Nxd2 26.Nxd2 Bxh4 27.Nb3 Rc8 28.
Rxc8+ Bxc8 29.a5 Bd7 30.Nbc5 Bb5 31.Nf4 Bc6 32.Kf1 Be7 33.Ke2 g5 34.Nfd3 
h5 35.g3 Kf8 36.Kf2 Ke8 37.Ne1 Kd8 38.Ned3 Kc7 39.Kf3 Bb5 40.Nc1 Bxc5 41.
dxc5 Bc4 0-1

[Event "56th World U20 ch"]
[Site "Tarvisio ITA"]
[Date "2017.11.17"]
[Round "5.26"]
[White "Jarmula, Lukasz"]
[Black "Percivaldi, Martin"]
[Result "1-0"]
[WhiteElo "2470"]
[BlackElo "2388"]
[EventDate "2017.11.13"]
[PlyCount "75"]

1.e4 e6 2.d4 d5 3.Nc3 Nf6 4.Bg5 dxe4 5.Nxe4 Be7 6.Bxf6 gxf6 7.Nf3 f5 8.Nc3
a6 9.Qd2 b5 10.O-O-O Qd6 11.Qe3 b4 12.Nb1 Bb7 13.Nbd2 Nd7 14.Nc4 Qd5 15.
Nfe5 Nxe5 16.dxe5 Qe4 17.Qg3 Qh4 18.Na5 Bd5 19.Qxh4 Bxh4 20.Rxd5 exd5 21.
g3 Be7 22.Bg2 Bc5 23.f4 h5 24.Bxd5 Rd8 25.Rd1 h4 26.Nc6 hxg3 27.Nxd8 Kxd8 
28.Bc6+ Ke7 29.Rd7+ Ke6 30.hxg3 Rh3 31.Rd3 Bf2 32.Rd8 Bc5 33.Re8+ Be7 34.
g4 Rh6 35.gxf5+ Kxf5 36.Bd7+ Kxf4 37.Rxe7 Ke3 38.b3 1-0

[Event "56th World U20 ch"]
[Site "Tarvisio ITA"]
[Date "2017.11.17"]
[Round "5.27"]
[White "Sosa, Tomas"]
[Black "Makhnev, Denis"]
[Result "1-0"]
[WhiteElo "2469"]
[BlackElo "2379"]
[EventDate "2017.11.13"]
[PlyCount "69"]

1.e4 e5 2.Nf3 Nc6 3.Bc4 Bc5 4.O-O Nf6 5.d3 d6 6.c3 a6 7.Bb3 Ba7 8.Nbd2 O-O
9.h3 Ne7 10.Re1 Ng6 11.Nf1 c6 12.Ng3 h6 13.d4 Qc7 14.Be3 Re8 15.Qd2 Be6 
16.Bxh6 Bxb3 17.Bxg7 Nh7 18.axb3 Kxg7 19.Qh6+ Kh8 20.Nh5 Rg8 21.Nf6 Rg7 
22.Ng5 Nf8 23.Ngxh7 Nxh7 24.Re3 Qe7 25.Rf3 Bb6 26.Rf5 Bd8 27.dxe5 Qe6 28.
Rh5 Bxf6 29.exf6 Rxg2+ 30.Kxg2 Qxe4+ 31.Kh2 Rg8 32.Rg1 Rxg1 33.Kxg1 Qg6+ 
34.Qxg6 fxg6 35.Rh6 1-0

[Event "56th World U20 ch"]
[Site "Tarvisio ITA"]
[Date "2017.11.17"]
[Round "5.28"]
[White "Morozov, Nichita"]
[Black "Krishna Teja, N."]
[Result "1/2-1/2"]
[WhiteElo "2467"]
[BlackElo "2363"]
[EventDate "2017.11.13"]
[PlyCount "63"]

1.c4 Nf6 2.Nc3 c5 3.Nf3 d5 4.cxd5 Nxd5 5.g3 g6 6.Qb3 Nc7 7.Bg2 Nc6 8.d3 
Bg7 9.Qc4 Ne6 10.O-O O-O 11.Ng5 Qa5 12.Qh4 Nxg5 13.Bxg5 Nd4 14.Nd5 Nf5 15.
Nxe7+ Nxe7 16.Bxe7 Re8 17.Bd5 Qb6 18.Rab1 Be6 19.e4 h6 20.Bxe6 g5 21.Bxg5 
hxg5 22.Bxf7+ Kxf7 23.Qxg5 Rad8 24.Rfc1 Re5 25.Qe3 Bh6 26.Qf3+ Ke7 27.Rc4 
Qa5 28.Qe2 Qd2 29.Qxd2 Bxd2 30.Rd1 b5 31.Rc2 Ba5 32.f3 $11 1/2-1/2

[Event "56th World U20 ch"]
[Site "Tarvisio ITA"]
[Date "2017.11.17"]
[Round "5.29"]
[White "Micottis, Dorian"]
[Black "Bilguun, Sumiya"]
[Result "0-1"]
[WhiteElo "2273"]
[BlackElo "2460"]
[EventDate "2017.11.13"]
[PlyCount "80"]

1.e4 c5 2.Nf3 e6 3.d4 cxd4 4.Nxd4 a6 5.Bd3 Qc7 6.O-O Nf6 7.Qe2 d6 8.f4 
Nbd7 9.c4 Be7 10.Nc3 h5 11.Kh1 b6 12.Bd2 h4 13.b4 g6 14.f5 Ne5 15.fxe6 
fxe6 16.Bg5 Nh5 17.Qe3 Bxg5 18.Qxg5 Ng3+ 19.Kg1 Nxf1 20.Rxf1 Qe7 21.Qxe7+ 
Kxe7 22.Be2 Bd7 23.Nf3 Nxf3+ 24.gxf3 Rac8 25.e5 dxe5 26.Ne4 Bc6 27.c5 Bxe4
28.fxe4 bxc5 29.Bxa6 Rcf8 30.Rb1 cxb4 31.Rxb4 Rb8 32.Bb5 Rhc8 33.a4 Rc2 
34.Rb1 Rbc8 35.Bf1 Ra2 36.a5 Rxa5 37.Kg2 Rc3 38.Rb2 Ra1 39.Re2 h3+ 40.Kf2 
g5 0-1

[Event "56th World U20 ch"]
[Site "Tarvisio ITA"]
[Date "2017.11.17"]
[Round "5.30"]
[White "Kevlishvili, Robby"]
[Black "Tutisani, Noe"]
[Result "0-1"]
[WhiteElo "2445"]
[BlackElo "2361"]
[EventDate "2017.11.13"]
[PlyCount "110"]

1.e4 e5 2.Nf3 Nc6 3.Bb5 a6 4.Ba4 Nf6 5.O-O b5 6.Bb3 Bc5 7.c3 d6 8.a4 Rb8 
9.d4 Bb6 10.a5 Ba7 11.Be3 Bg4 12.dxe5 Bxf3 13.Qxf3 Nxe5 14.Qe2 Bxe3 15.
Qxe3 O-O 16.f4 Nc4 17.Bxc4 bxc4 18.Nd2 Re8 19.e5 dxe5 20.Nxc4 exf4 21.Qf3 
Qd5 22.Qxd5 Nxd5 23.Rf2 g5 24.h3 Kg7 25.Rd1 Rb5 26.Kh2 Ne3 27.Nxe3 fxe3 
28.Re2 Rxa5 29.g4 h5 30.Kg3 hxg4 31.hxg4 Re4 32.Rd3 Ra1 33.Kf3 Rf4+ 34.
Kxe3 Rxg4 35.Rd7 Kg6 36.Rf2 f5 37.Rxc7 Re4+ 38.Kd3 Rd1+ 39.Kc2 Rd6 40.Rc5 
Rf6 41.Kd3 Re8 42.Rd5 f4 43.Rg2 f3 44.Rgxg5+ Kf7 45.Rd7+ Ke6 46.Rgd5 f2 
47.Ke4 Rf4+ 48.Kxf4 f1=Q+ 49.Ke4 Qc4+ 50.Rd4 Qe2+ 51.Kf4 Rf8+ 52.Kg5 Rf5+ 
53.Kg6 Qh5+ 54.Kg7 Rg5+ 55.Kf8 Qh8# 0-1